000 00606 a2200241 4500
001 46455
020 _a8532210031
020 _a9788526007826
041 _apor
082 _aAP Year 1 028
100 _aAmarante, Nina.
250 _a1.ed.
300 _a20 p.
490 _aDe criança para criança
697 _aLiteratura infantojuvenil.
830 _aDe criança para criança
856 _u00002b/00002bf7.jpg
040 _aBR-BrIDEA
_cBR-BrIDEA
090 _aAP Year 1 028
_bAMA
245 1 0 _aA história da galinha
_c Nina Amarante
260 _aSão Paulo
_bGlobal
_c2002
942 _cBK
999 _c46455
_d46455